000
00300nam a22001217a 4500
008
160613b xxu||||| |||| 00| 0 eng d
020
_a
9780781760331
020
_a
078176033
041
_a
eng
080
_a
618.2
245
_a
Psychiatric mental health nursing:
_c
Sheila L. Videbeck;
942
_2
udc
_c
BK
999
_c
2438
_d
2438